| 000 | 00445pab a2200169 454500 | ||
|---|---|---|---|
| 008 | 180718b2009 xxu||||| |||| 00| 0 eng d | ||
| 100 | _aHuo, Jingjing | ||
| 245 | _aThe role of interfirm networks in technological innovation and education | ||
| 260 | _c2009 | ||
| 300 | _ap.587-610. | ||
| 362 | _aMay | ||
| 650 | _aEducation | ||
| 650 | _aScientific innovations | ||
| 773 | _aComparative Political Studies | ||
| 908 | _aN | ||
| 909 | _a82905 | ||
| 999 |
_c82905 _d82905 |
||